| 000 | 00602nam a22001937a 4500 | ||
|---|---|---|---|
| 999 |
_c11582 _d11582 |
||
| 003 | AR-CdUCM | ||
| 008 | 190404b ||||| |||| 00| 0 spa d | ||
| 040 |
_aMUNICIPALIDAD PROVINCIAL DEL CUSCO _cBIBLIOTECA MUNICIPAL DEL CUSCO |
||
| 082 |
_aEP / 370.2 / _bN29 |
||
| 110 |
_aFondo Editorial Navarrete _911579 |
||
| 245 |
_aNuevo Amanecer 2 : _bIntegrado / |
||
| 260 |
_aLima : _bNavarrete S. R. L. |
||
| 300 |
_a287 páginas ; _bIlustraciones _c27cm |
||
| 500 | _aEducación primaria 2do | ||
| 505 | _a | ||
| 650 |
_aEducación primaria _91561 |
||
| 942 |
_2ddc _cLIBROS |
||
| 945 |
_anom _d2019-04-04 |
||